| 000 | 00743nam a2200241Ia 4500 | ||
|---|---|---|---|
| 003 | OSt | ||
| 005 | 20230927150443.0 | ||
| 008 | 210716s2000 xx 000 0 und d | ||
| 020 | _a8173713502 | ||
| 040 | _cAIMIT LIBRARY | ||
| 041 | _aeng | ||
| 082 |
_a374.22 _21 _bBALB |
||
| 100 |
_aBall, Ben. _9135394 |
||
| 245 |
_aAssessing your career : _btime for change?. / _cBy Ben Ball. |
||
| 250 | _a1st ed. | ||
| 260 |
_aHyderabad : _bUniversities Press , _c2000. |
||
| 300 |
_aix,147p. ; _bPB _c21.2 cm |
||
| 650 |
_aGeneral Management _9135395 |
||
| 651 |
_aChoosing and changing _9135396 |
||
| 651 |
_aYour personal and career profile _9135397 |
||
| 651 |
_aWhat your employer can do for you _9135398 |
||
| 942 |
_2ddc _cBK _e1st _k374.22 BALB |
||
| 999 |
_c205380 _d205380 |
||